Normal view
MARC view
- Khalid Bin Sayeed
Entry Personal Name
001 - CONTROL NUMBER
- control field: 9229
003 - CONTROL NUMBER IDENTIFIER
- control field: NUST
005 - DATE AND TIME OF LATEST TRANSACTION
- control field: 20180120143514.0
008 - FIXED-LENGTH DATA ELEMENTS
- fixed length control field: 180120|| aca||aabn | a|a d
040 ## - CATALOGING SOURCE
- Original cataloging agency: NUST
- Transcribing agency: NUST
100 ## - HEADING--PERSONAL NAME
- Personal name: Khalid Bin Sayeed
670 ## - SOURCE DATA FOUND
- Source citation: Work cat.: (NUST)327590: Khalid Bin Sayeed, Pakistan The Formative Phase 1857-1948 2E, 2015
